Workshop "Посольский двор" 04 марта 2005 года; Актуальные проблемы гуманитарных наук

Detaylı Bibliyografya
Parent link:Актуальные проблемы гуманитарных наук.— 2005.— С. 360-362
Yazar: Зиневич А. С.
Dil:Rusça
Baskı/Yayın Bilgisi: 2005
Konular:
Materyal Türü: Kitap Bölümü
KOHA link:https://koha.lib.tpu.ru/cgi-bin/koha/opac-detail.pl?biblionumber=139876

MARC

LEADER 00000naa2a2200000 4500
001 139876
005 20231031141905.0
035 |a (RuTPU)RU\TPU\book\151538 
090 |a 139876 
100 |a 20080613d2005 k y0rusy50 ca 
101 0 |a rus 
102 |a RU 
200 1 |a Workshop "Посольский двор" 04 марта 2005 года  |f А. С. Зиневич 
320 |a Библиогр.: 4 назв. 
463 0 |0 (RuTPU)RU\TPU\book\118298  |t Актуальные проблемы гуманитарных наук  |o труды IV международной научно-практической конференции студентов, аспирантов и молодых ученых, 20-21 апреля 2005, Томск  |f Томский политехнический университет  |v С. 360-362  |d 2005  |p 458 с. 
610 1 |a туризм 
610 1 |a выставки 
610 1 |a мастерские 
610 1 |a проведение мастерских 
610 1 |a workshop 
610 1 |a Посольский двор 
610 1 |a туристические фирмы 
610 1 |a фирмы 
610 1 |a презентация 
610 1 |a туристические ресурсы 
610 1 |a международное сотрудничество 
610 1 |a труды учёных ТПУ 
700 1 |a Зиневич  |b А. С. 
801 1 |a RU  |b 63413507  |c 20080613  |g PSBO 
942 |c BK